| 000 | 00716cam a2200265 i 4500 | ||
|---|---|---|---|
| 999 |
_c5421 _d5421 |
||
| 001 | 17649 | ||
| 003 | BD-DhUAP | ||
| 005 | 20201220142424.0 | ||
| 008 | 201210r20102004ii a 001 0 eng | ||
| 010 | _a 2014038966 | ||
| 020 | _a9788126524518 | ||
| 020 | _a9812530835 | ||
| 040 |
_aDLC _beng _cDLC _erda _dBD-DhUAP |
||
| 082 | 0 | 0 |
_a625.7 WRI _223 |
| 100 | _aWright, Paul H. | ||
| 245 |
_aHighway engineering / _cPaul H. Wright and Karen Dixon. |
||
| 250 | _a7th ed. | ||
| 260 |
_aIndia : _bWiley, _cc2004 [Reprinted 2010]. |
||
| 300 |
_avii, 677 pages : _billustrations ; _c23 cm |
||
| 500 | _aIncludes index | ||
| 504 | _a. | ||
| 650 | _aHighway engineering. | ||
| 700 | _aDixon, Karen. | ||
| 942 |
_2ddc _cBK |
||